[Event "msr26ss"]
[Site "?"]
[Date "2026.03.26"]
[Round "2.11"]
[White "Pokoraczki, Maros"]
[Black "Lakota, Jan"]
[Result "0-1"]
[BlackElo "1878"]
[WhiteElo "1497"]
[LiveChessVersion "1.4.8"]

1. e4 {[%clk 0:10:01]} c6 {[%clk 0:10:03]} 2. Nf3 {[%clk 0:10:01]} d5
{[%clk 0:10:04]} 3. exd5 {[%clk 0:10:00]} cxd5 {[%clk 0:10:05]} 4. d4
{[%clk 0:10:00]} Nf6 {[%clk 0:10:05]} 5. Nc3 {[%clk 0:10:00]} g6 {[%clk 0:10:03]}
6. Bd3 {[%clk 0:09:48]} Bf5 {[%clk 0:10:02]} 7. Bf4 {[%clk 0:09:41]} Bxd3
{[%clk 0:09:53]} 8. Qxd3 {[%clk 0:09:36]} a6 {[%clk 0:09:38]} 9. O-O
{[%clk 0:09:19]} Bg7 {[%clk 0:09:33]} 10. Ne5 {[%clk 0:08:57]} O-O
{[%clk 0:08:58]} 11. Ne2 {[%clk 0:08:28]} Nbd7 {[%clk 0:08:50]} 12. c4
{[%clk 0:08:21]} dxc4 {[%clk 0:08:16]} 13. Qxc4 {[%clk 0:08:03]} Rc8
{[%clk 0:08:12]} 14. Qd3 {[%clk 0:07:58]} Nd5 {[%clk 0:07:17]} 15. Bg3
{[%clk 0:07:35]} N7b6 {[%clk 0:06:22]} 16. Rac1 {[%clk 0:07:28]} e6
{[%clk 0:05:41]} 17. Rxc8 {[%clk 0:07:06]} Nxc8 {[%clk 0:05:25]} 18. h3
{[%clk 0:06:23]} Nce7 {[%clk 0:04:51]} 19. Rd1 {[%clk 0:06:08]} Nf5
{[%clk 0:04:20]} 20. Ng4 {[%clk 0:05:36]} Qb6 {[%clk 0:04:05]} 21. Be5
{[%clk 0:05:02]} Qxb2 {[%clk 0:02:49]} 22. Ne3 {[%clk 0:04:37]} Nfxe3
{[%clk 0:02:35]} 23. fxe3 {[%clk 0:04:29]} Bxe5 {[%clk 0:02:34]} 24. dxe5
{[%clk 0:04:27]} Qxe5 {[%clk 0:02:33]} 25. Rf1 {[%clk 0:04:11]} Qxe3+
{[%clk 0:02:31]} 26. Qxe3 {[%clk 0:03:57]} Nxe3 {[%clk 0:02:31]} 27. Rb1
{[%clk 0:03:52]} b5 {[%clk 0:02:27]} 28. Nd4 {[%clk 0:03:51]} Rc8
{[%clk 0:02:19]} 29. Kh2 {[%clk 0:03:31]} Rc4 {[%clk 0:02:18]} 30. Nf3
{[%clk 0:03:29]} Rc2 {[%clk 0:02:16]} 31. Ne1 {[%clk 0:03:23]} Rxa2
{[%clk 0:02:17]} 32. Rb3 {[%clk 0:03:22]} Nd5 {[%clk 0:02:11]} 33. Rd3
{[%clk 0:03:20]} Kg7 {[%clk 0:02:09]} 34. h4 {[%clk 0:03:21]} h5 {[%clk 0:02:06]}
35. Kh3 {[%clk 0:03:17]} Nf4+ {[%clk 0:02:07]} 36. Kg3 {[%clk 0:02:59]} Nxd3
{[%clk 0:02:08]} 37. Nxd3 {[%clk 0:02:59]} Ra3 {[%clk 0:02:08]} 0-1

[Event "msr26ss"]
[Site "?"]
[Date "2026.03.26"]
[Round "2.12"]
[White "Kovarova, Zuzana"]
[Black "Durovska, Miriam"]
[Result "1-0"]
[BlackElo "1446"]
[WhiteElo "1607"]
[LiveChessVersion "1.4.8"]

1. d4 {[%clk 0:10:03]} d5 {[%clk 0:10:03]} 2. c4 {[%clk 0:10:03]} e6
{[%clk 0:10:04]} 3. Nc3 {[%clk 0:10:04]} Nf6 {[%clk 0:10:05]} 4. Nf3
{[%clk 0:10:04]} Be7 {[%clk 0:10:06]} 5. Bg5 {[%clk 0:10:04]} O-O
{[%clk 0:10:06]} 6. e3 {[%clk 0:10:05]} Nbd7 {[%clk 0:09:50]} 7. Bd3
{[%clk 0:10:04]} b6 {[%clk 0:09:47]} 8. O-O {[%clk 0:10:03]} Bb7 {[%clk 0:09:48]}
9. a3 {[%clk 0:09:30]} Rc8 {[%clk 0:09:34]} 10. Qe2 {[%clk 0:08:34]} c5
{[%clk 0:09:16]} 11. Nd2 {[%clk 0:07:11]} a6 {[%clk 0:07:44]} 12. cxd5
{[%clk 0:06:23]} exd5 {[%clk 0:06:57]} 13. Bxa6 {[%clk 0:04:56]} Bxa6
{[%clk 0:05:40]} 14. Qxa6 {[%clk 0:04:56]} Ra8 {[%clk 0:04:42]} 15. Qd3
{[%clk 0:04:13]} Qc7 {[%clk 0:04:02]} 16. h3 {[%clk 0:03:37]} Qb7
{[%clk 0:03:19]} 17. Rac1 {[%clk 0:02:50]} Rfe8 {[%clk 0:02:42]} 18. Nf3
{[%clk 0:02:18]} h6 {[%clk 0:02:28]} 19. Bh4 {[%clk 0:02:00]} Bd8
{[%clk 0:02:12]} 20. Rfd1 {[%clk 0:01:49]} g6 {[%clk 0:01:08]} 21. Bxf6
{[%clk 0:01:21]} Bxf6 {[%clk 0:00:59]} 22. dxc5 {[%clk 0:01:10]} bxc5
{[%clk 0:00:57]} 23. Qxd5 {[%clk 0:01:09]} Qxd5 {[%clk 0:00:37]} 24. Rxd5
{[%clk 0:01:10]} Red8 {[%clk 0:00:25]} 25. Rc2 {[%clk 0:00:58]} Rab8
{[%clk 0:00:25]} 26. Ne4 {[%clk 0:00:51]} Bxb2 {[%clk 0:00:18]} 27. Nxc5
{[%clk 0:00:47]} Nxc5 {[%clk 0:00:15]} 28. Rxd8+ {[%clk 0:00:35]} Rxd8
{[%clk 0:00:16]} 29. Rxb2 {[%clk 0:00:34]} Rd1+ {[%clk 0:00:12]} 30. Kh2
{[%clk 0:00:35]} Nd3 {[%clk 0:00:12]} 31. Rb8+ {[%clk 0:00:35]} Kg7
{[%clk 0:00:13]} 32. Kg3 {[%clk 0:00:25]} Ra1 {[%clk 0:00:14]} 33. Ra8
{[%clk 0:00:26]} Ne1 {[%clk 0:00:10]} 34. Nxe1 {[%clk 0:00:26]} Rxe1
{[%clk 0:00:11]} 35. a4 {[%clk 0:00:28]} Ra1 {[%clk 0:00:12]} 36. a5
{[%clk 0:00:29]} Kf6 {[%clk 0:00:11]} 37. Kf4 {[%clk 0:00:30]} g5+
{[%clk 0:00:12]} 38. Ke4 {[%clk 0:00:31]} Ke6 {[%clk 0:00:14]} 39. a6
{[%clk 0:00:31]} f5+ {[%clk 0:00:15]} 40. Kf3 {[%clk 0:00:32]} Ke5
{[%clk 0:00:15]} 41. a7 {[%clk 0:00:33]} Kf6 {[%clk 0:00:14]} 42. Rf8+
{[%clk 0:00:25]} Kg6 {[%clk 0:00:11]} 43. a8=Q {[%clk 0:00:26]} Rxa8 44. Rxa8
{[%clk 0:00:27]} Kh5 {[%clk 0:00:12]} 45. Ke2 {[%clk 0:00:23]} g4
{[%clk 0:00:12]} 46. hxg4+ {[%clk 0:00:24]} fxg4 {[%clk 0:00:13]} 47. e4
{[%clk 0:00:24]} Kg5 {[%clk 0:00:15]} 48. Kd3 {[%clk 0:00:24]} Kf4
{[%clk 0:00:16]} 49. Rf8+ {[%clk 0:00:25]} Ke5 {[%clk 0:00:14]} 50. f3
{[%clk 0:00:25]} gxf3 {[%clk 0:00:15]} 51. gxf3 {[%clk 0:00:26]} h5
{[%clk 0:00:14]} 52. f4+ {[%clk 0:00:28]} Ke6 {[%clk 0:00:13]} 53. f5+
{[%clk 0:00:29]} Ke7 {[%clk 0:00:13]} 54. Rh8 {[%clk 0:00:29]} Kf6
{[%clk 0:00:13]} 55. Rxh5 {[%clk 0:00:29]} Ke5 {[%clk 0:00:12]} 56. Rh6
{[%clk 0:00:28]} 1-0

[Event "msr26ss"]
[Site "?"]
[Date "2026.03.26"]
[Round "2.13"]
[White "Elias, David"]
[Black "Koperdak, Cyprian"]
[Result "1-0"]
[BlackElo "1703"]
[WhiteElo "2284"]
[LiveChessVersion "1.4.8"]

1. c4 {[%clk 0:10:02]} b6 {[%clk 0:09:55]} 2. e4 {[%clk 0:10:01]} Bb7
{[%clk 0:09:55]} 3. Nc3 {[%clk 0:10:01]} c5 {[%clk 0:09:56]} 4. Nge2
{[%clk 0:09:53]} Nc6 {[%clk 0:09:56]} 5. d4 {[%clk 0:09:49]} e6 {[%clk 0:09:54]}
6. d5 {[%clk 0:09:42]} Ne5 {[%clk 0:09:33]} 7. Ng3 {[%clk 0:09:28]} d6
{[%clk 0:08:32]} 8. Be2 {[%clk 0:09:20]} Nf6 {[%clk 0:08:29]} 9. O-O
{[%clk 0:09:14]} Be7 {[%clk 0:08:11]} 10. f4 {[%clk 0:08:50]} Ng6
{[%clk 0:07:39]} 11. f5 {[%clk 0:08:38]} exf5 {[%clk 0:07:28]} 12. Nxf5
{[%clk 0:08:29]} O-O {[%clk 0:07:05]} 13. Bg5 {[%clk 0:08:13]} h6
{[%clk 0:06:34]} 14. Nxe7+ {[%clk 0:07:53]} Qxe7 {[%clk 0:06:28]} 15. Bxf6
{[%clk 0:07:54]} gxf6 {[%clk 0:06:29]} 16. Qd2 {[%clk 0:07:49]} Kg7
{[%clk 0:06:10]} 17. Rf3 {[%clk 0:07:42]} Qe5 {[%clk 0:05:31]} 18. Rf5
{[%clk 0:07:13]} Qe7 {[%clk 0:04:43]} 19. Raf1 {[%clk 0:06:56]} Rh8
{[%clk 0:04:43]} 20. Nb5 {[%clk 0:05:55]} Bc8 {[%clk 0:04:21]} 21. Rxf6
{[%clk 0:05:52]} Qxf6 {[%clk 0:03:57]} 22. Rxf6 {[%clk 0:05:52]} Kxf6
{[%clk 0:03:57]} 23. Nxd6 {[%clk 0:05:45]} Bd7 {[%clk 0:03:24]} 24. Bh5
{[%clk 0:05:06]} Ke7 {[%clk 0:01:45]} 25. Bxg6 {[%clk 0:04:25]} fxg6
{[%clk 0:01:15]} 26. Qf4 {[%clk 0:04:24]} Rhf8 {[%clk 0:00:40]} 27. Qe5+
{[%clk 0:04:24]} Kd8 {[%clk 0:00:39]} 28. Nb5 {[%clk 0:04:02]} a6
{[%clk 0:00:16]} 29. Qc7+ {[%clk 0:03:53]} Ke7 {[%clk 0:00:17]} 30. Qd6+
{[%clk 0:03:51]} 1-0

[Event "msr26ss"]
[Site "?"]
[Date "2026.03.26"]
[Round "2.14"]
[White "Elias, Oliver"]
[Black "Sekova, Olivia"]
[Result "0-1"]
[BlackElo "2058"]
[WhiteElo "1698"]
[LiveChessVersion "1.4.8"]

1. d4 {[%clk 0:10:02]} Nf6 {[%clk 0:10:03]} 2. c4 {[%clk 0:10:03]} c5
{[%clk 0:10:03]} 3. e3 {[%clk 0:10:03]} g6 {[%clk 0:10:02]} 4. Nf3
{[%clk 0:10:04]} Bg7 {[%clk 0:10:02]} 5. Nc3 {[%clk 0:10:04]} O-O
{[%clk 0:10:01]} 6. Be2 {[%clk 0:09:58]} d6 {[%clk 0:09:59]} 7. O-O
{[%clk 0:09:57]} Nc6 {[%clk 0:09:55]} 8. d5 {[%clk 0:09:39]} Na5 {[%clk 0:09:55]}
9. b3 {[%clk 0:09:39]} Nxd5 {[%clk 0:09:46]} 10. cxd5 {[%clk 0:09:25]} Bxc3
{[%clk 0:09:45]} 11. Rb1 {[%clk 0:09:26]} Bf5 {[%clk 0:09:32]} 12. Bd3
{[%clk 0:09:18]} Bxd3 {[%clk 0:09:32]} 13. Qxd3 {[%clk 0:09:19]} Bg7
{[%clk 0:09:32]} 14. Bb2 {[%clk 0:09:06]} Bxb2 {[%clk 0:09:32]} 15. Rxb2
{[%clk 0:09:07]} Rb8 {[%clk 0:09:31]} 16. Re1 {[%clk 0:08:37]} b5
{[%clk 0:09:30]} 17. b4 {[%clk 0:08:30]} cxb4 {[%clk 0:09:15]} 18. Rxb4
{[%clk 0:08:25]} a6 {[%clk 0:09:15]} 19. e4 {[%clk 0:08:15]} Qb6 {[%clk 0:09:07]}
20. e5 {[%clk 0:08:01]} Rfc8 {[%clk 0:09:06]} 21. h3 {[%clk 0:07:28]} Rc4
{[%clk 0:09:04]} 22. a3 {[%clk 0:07:11]} Rbc8 {[%clk 0:09:04]} 23. exd6
{[%clk 0:07:02]} Qxd6 {[%clk 0:09:04]} 24. Qe3 {[%clk 0:06:52]} R8c7
{[%clk 0:08:46]} 25. Qh6 Qf6 {[%clk 0:08:26]} 26. Qe3 {[%clk 0:04:51]} Rxb4
{[%clk 0:08:13]} 27. axb4 {[%clk 0:04:51]} Nc4 {[%clk 0:08:13]} 28. Qd3
{[%clk 0:04:25]} Qd6 {[%clk 0:08:10]} 29. Rb1 {[%clk 0:03:45]} Rd7
{[%clk 0:08:11]} 30. Qd4 {[%clk 0:02:05]} Qxd5 {[%clk 0:08:03]} 31. Qh4
{[%clk 0:01:58]} h5 {[%clk 0:07:58]} 32. Re1 {[%clk 0:01:53]} Qd6
{[%clk 0:07:24]} 33. Ng5 {[%clk 0:01:27]} Qf6 {[%clk 0:07:12]} 34. f4
{[%clk 0:00:52]} Rd4 {[%clk 0:07:08]} 35. Qg3 {[%clk 0:00:49]} Rxf4
{[%clk 0:06:49]} 36. Ne4 {[%clk 0:00:35]} Qd4+ {[%clk 0:06:48]} 37. Kh2
{[%clk 0:00:35]} Rxe4 {[%clk 0:06:48]} 38. Qb8+ {[%clk 0:00:32]} Kg7
{[%clk 0:06:49]} 39. Rxe4 {[%clk 0:00:32]} Qxe4 {[%clk 0:06:50]} 40. Qa7
{[%clk 0:00:20]} Qf4+ {[%clk 0:06:49]} 41. Kg1 {[%clk 0:00:22]} Qe3+
{[%clk 0:06:50]} 42. Kh2 {[%clk 0:00:23]} Qxa7 {[%clk 0:06:50]} 0-1

[Event "msr26ss"]
[Site "?"]
[Date "2026.03.26"]
[Round "2.15"]
[White "Mizanin, Matej"]
[Black "Boiadjiev, Jordan"]
[Result "1/2-1/2"]
[BlackElo "1679"]
[WhiteElo "1675"]
[LiveChessVersion "1.4.8"]

1. e4 {[%clk 0:10:02]} c6 {[%clk 0:10:04]} 2. d4 {[%clk 0:10:03]} d5
{[%clk 0:10:05]} 3. e5 {[%clk 0:10:04]} Bf5 {[%clk 0:10:05]} 4. g4
{[%clk 0:10:05]} Bg6 {[%clk 0:10:06]} 5. h4 {[%clk 0:10:05]} h6 {[%clk 0:10:02]}
6. h5 {[%clk 0:10:01]} Bh7 {[%clk 0:09:58]} 7. e6 {[%clk 0:10:02]} f6
{[%clk 0:09:52]} 8. Bd3 {[%clk 0:10:01]} Bxd3 {[%clk 0:09:45]} 9. Qxd3
{[%clk 0:10:01]} Qa5+ {[%clk 0:08:53]} 10. Bd2 {[%clk 0:09:50]} Qb6
{[%clk 0:08:53]} 11. Qg6+ {[%clk 0:09:18]} Kd8 {[%clk 0:08:47]} 12. Qf7
{[%clk 0:09:18]} Qxb2 {[%clk 0:07:51]} 13. Qxf8+ {[%clk 0:09:04]} Kc7
{[%clk 0:07:52]} 14. Bc3 {[%clk 0:08:40]} Qc1+ {[%clk 0:07:51]} 15. Ke2
{[%clk 0:08:42]} Qxc2+ {[%clk 0:07:45]} 16. Kf1 {[%clk 0:08:07]} Qd1+
{[%clk 0:07:05]} 17. Be1 {[%clk 0:08:07]} Qxg4 {[%clk 0:06:34]} 18. Qf7
{[%clk 0:07:10]} f5 {[%clk 0:05:12]} 19. Ne2 {[%clk 0:06:16]} Nf6
{[%clk 0:04:17]} 20. Qxe7+ {[%clk 0:05:53]} Kc8 {[%clk 0:04:17]} 21. Nbc3
{[%clk 0:05:15]} Qf3 {[%clk 0:03:37]} 22. Rg1 {[%clk 0:04:48]} Qh3+
{[%clk 0:02:50]} 23. Rg2 {[%clk 0:04:48]} Ng4 {[%clk 0:02:46]} 24. Ng3
{[%clk 0:03:12]} Nh2+ {[%clk 0:02:27]} 25. Kg1 {[%clk 0:03:10]} Nf3+
{[%clk 0:02:20]} 26. Kf1 {[%clk 0:03:10]} Nh2+ {[%clk 0:02:20]} 27. Kg1
{[%clk 0:03:11]} 1/2-1/2

[Event "msr26ss"]
[Site "?"]
[Date "2026.03.26"]
[Round "2.17"]
[White "Tokarcik, Patrik"]
[Black "Kudela, Oliver"]
[Result "1-0"]
[BlackElo "2024"]
[WhiteElo "1881"]
[LiveChessVersion "1.4.8"]

1. e4 {[%clk 0:10:02]} c5 {[%clk 0:10:03]} 2. Nf3 {[%clk 0:10:03]} e6
{[%clk 0:10:04]} 3. d4 {[%clk 0:10:03]} cxd4 {[%clk 0:10:05]} 4. Nxd4
{[%clk 0:10:04]} Nc6 {[%clk 0:10:06]} 5. Nc3 {[%clk 0:10:05]} Qc7
{[%clk 0:10:07]} 6. Be2 {[%clk 0:09:59]} Nf6 {[%clk 0:10:08]} 7. Be3
{[%clk 0:09:59]} a6 {[%clk 0:10:04]} 8. Qd2 {[%clk 0:09:45]} Be7 {[%clk 0:09:57]}
9. O-O {[%clk 0:09:39]} O-O {[%clk 0:09:57]} 10. Rad1 {[%clk 0:09:32]} d6
{[%clk 0:09:58]} 11. Nxc6 {[%clk 0:08:47]} Qxc6 {[%clk 0:09:21]} 12. Bf3
{[%clk 0:08:45]} Qc7 {[%clk 0:09:18]} 13. Na4 {[%clk 0:08:25]} b5
{[%clk 0:08:43]} 14. Nb6 {[%clk 0:08:14]} Rb8 {[%clk 0:08:43]} 15. Nxc8
{[%clk 0:08:13]} Rbxc8 {[%clk 0:08:43]} 16. c3 {[%clk 0:08:03]} Nd7
{[%clk 0:08:43]} 17. Bf4 {[%clk 0:07:26]} Ne5 {[%clk 0:08:05]} 18. Bxe5
{[%clk 0:07:03]} dxe5 {[%clk 0:08:05]} 19. Qd7 {[%clk 0:07:04]} b4
{[%clk 0:07:28]} 20. cxb4 {[%clk 0:06:03]} Bxb4 {[%clk 0:07:27]} 21. Qa4
{[%clk 0:05:57]} Qc4 {[%clk 0:06:56]} 22. a3 {[%clk 0:05:22]} Be7
{[%clk 0:06:51]} 23. Qxc4 {[%clk 0:05:02]} Rxc4 {[%clk 0:06:52]} 24. Rd7
{[%clk 0:05:03]} Bc5 {[%clk 0:06:29]} 25. b4 {[%clk 0:04:19]} Bd4
{[%clk 0:06:25]} 26. Be2 {[%clk 0:03:44]} Rc3 {[%clk 0:06:23]} 27. Bxa6
{[%clk 0:03:45]} Rxa3 {[%clk 0:06:24]} 28. b5 {[%clk 0:03:46]} g6
{[%clk 0:06:25]} 29. g3 {[%clk 0:03:18]} Ra2 {[%clk 0:06:19]} 30. Rc7
{[%clk 0:03:03]} f5 {[%clk 0:06:14]} 31. Bc8 {[%clk 0:02:47]} fxe4
{[%clk 0:06:00]} 32. Bxe6+ {[%clk 0:02:47]} Kh8 {[%clk 0:06:02]} 33. Bxa2
{[%clk 0:02:47]} e3 {[%clk 0:05:53]} 34. fxe3 {[%clk 0:02:37]} Bxe3+
{[%clk 0:05:53]} 35. Kg2 {[%clk 0:02:38]} Ra8 {[%clk 0:05:52]} 36. Bd5
{[%clk 0:02:32]} Rd8 {[%clk 0:05:51]} 37. Bc6 {[%clk 0:02:20]} Kg8
{[%clk 0:05:30]} 38. b6 {[%clk 0:02:05]} Bxb6 {[%clk 0:05:29]} 39. Rd7
{[%clk 0:01:58]} Rc8 {[%clk 0:05:29]} 40. Bd5+ {[%clk 0:01:56]} Kh8
{[%clk 0:05:27]} 41. Rff7 {[%clk 0:01:54]} h5 {[%clk 0:05:26]} 42. Rh7#
{[%clk 0:01:54]} Kg8 {[%clk 0:05:13]} 1-0

[Event "msr26ss"]
[Site "?"]
[Date "2026.03.26"]
[Round "2.18"]
[White "Klimek, Martin"]
[Black "Balon, Peter"]
[Result "1-0"]
[BlackElo "1716"]
[WhiteElo "1803"]
[LiveChessVersion "1.4.8"]

1. e4 {[%clk 0:10:01]} e5 {[%clk 0:10:03]} 2. Nf3 {[%clk 0:10:02]} Nc6
{[%clk 0:10:04]} 3. c3 {[%clk 0:10:03]} Bc5 {[%clk 0:10:02]} 4. d4
{[%clk 0:10:04]} exd4 {[%clk 0:10:01]} 5. cxd4 {[%clk 0:10:04]} Bb4+
{[%clk 0:10:02]} 6. Nc3 {[%clk 0:10:05]} d6 {[%clk 0:09:57]} 7. Be2
{[%clk 0:10:05]} Nf6 {[%clk 0:09:47]} 8. O-O {[%clk 0:09:38]} Bg4
{[%clk 0:09:40]} 9. d5 {[%clk 0:09:10]} Ne5 {[%clk 0:09:27]} 10. Nxe5
{[%clk 0:08:26]} Bxe2 {[%clk 0:08:51]} 11. Nxe2 {[%clk 0:08:05]} dxe5
{[%clk 0:08:40]} 12. Qa4+ {[%clk 0:07:57]} Qd7 {[%clk 0:08:13]} 13. Qxb4
{[%clk 0:07:57]} O-O-O {[%clk 0:08:12]} 14. Be3 {[%clk 0:07:51]} Qg4
{[%clk 0:07:36]} 15. f3 {[%clk 0:07:09]} Qd7 {[%clk 0:07:10]} 16. Qa5
{[%clk 0:06:55]} a6 {[%clk 0:06:48]} 17. Rac1 {[%clk 0:06:47]} Rhe8
{[%clk 0:06:08]} 18. Rc6 {[%clk 0:04:00]} Kb8 {[%clk 0:04:44]} 19. Rxa6
{[%clk 0:03:13]} bxa6 {[%clk 0:04:18]} 20. Qxa6 {[%clk 0:03:08]} Qd6
{[%clk 0:03:24]} 21. Ba7+ {[%clk 0:02:56]} Ka8 {[%clk 0:03:10]} 22. Bb6+
{[%clk 0:02:02]} Kb8 {[%clk 0:03:02]} 23. Qa7+ {[%clk 0:01:51]} Kc8
{[%clk 0:03:02]} 24. Bc5 {[%clk 0:01:53]} Kd7 {[%clk 0:01:10]} 25. Bxd6
{[%clk 0:01:51]} Kxd6 {[%clk 0:01:10]} 26. Rc1 {[%clk 0:01:48]} Ke7
{[%clk 0:01:06]} 27. Rc4 c6 28. Rxc6+ {[%clk 0:01:47]} Rd7 {[%clk 0:01:06]} 29.
Rc7 {[%clk 0:01:13]} 1-0

[Event "msr26ss"]
[Site "?"]
[Date "2026.03.26"]
[Round "2.19"]
[White "Roman, Jakub"]
[Black "Horvathova, Hana"]
[Result "0-1"]
[BlackElo "1870"]
[WhiteElo "1474"]
[LiveChessVersion "1.4.8"]

1. e4 {[%clk 0:10:02]} e5 {[%clk 0:10:02]} 2. Nf3 {[%clk 0:10:03]} Nc6
{[%clk 0:10:02]} 3. d4 {[%clk 0:10:05]} exd4 {[%clk 0:09:54]} 4. Nxd4
{[%clk 0:10:05]} Nf6 {[%clk 0:09:52]} 5. Nc3 {[%clk 0:09:55]} Bb4
{[%clk 0:09:43]} 6. Nxc6 {[%clk 0:09:40]} bxc6 {[%clk 0:09:37]} 7. Bd2
{[%clk 0:09:32]} O-O {[%clk 0:09:29]} 8. Bd3 {[%clk 0:09:06]} Re8
{[%clk 0:09:26]} 9. Qe2 {[%clk 0:08:12]} d5 {[%clk 0:09:00]} 10. O-O
{[%clk 0:05:24]} Bb7 {[%clk 0:08:06]} 11. Rad1 {[%clk 0:04:51]} c5
{[%clk 0:07:42]} 12. Bb5 {[%clk 0:03:53]} c6 {[%clk 0:07:27]} 13. Ba4
{[%clk 0:03:54]} Nxe4 {[%clk 0:06:59]} 14. Qf3 {[%clk 0:03:26]} Nxd2
{[%clk 0:06:48]} 15. Rxd2 {[%clk 0:03:27]} Qc7 {[%clk 0:06:14]} 16. a3
{[%clk 0:03:24]} Ba5 {[%clk 0:06:14]} 17. Re2 {[%clk 0:03:13]} Ba6
{[%clk 0:06:09]} 18. Rxe8+ {[%clk 0:03:12]} Rxe8 {[%clk 0:06:09]} 19. Rd1
{[%clk 0:03:09]} h6 {[%clk 0:06:06]} 20. Bb3 {[%clk 0:02:52]} Qe7
{[%clk 0:05:53]} 21. h3 {[%clk 0:02:50]} d4 {[%clk 0:05:16]} 22. Nb1
{[%clk 0:02:44]} Be2 {[%clk 0:05:07]} 23. Qxc6 {[%clk 0:01:43]} Bxd1
{[%clk 0:05:01]} 24. c3 dxc3 {[%clk 0:04:47]} 25. Bxd1 {[%clk 0:01:19]} Qe1+
{[%clk 0:04:20]} 26. Kh2 {[%clk 0:01:20]} Re6 {[%clk 0:03:43]} 27. Qc8+
{[%clk 0:01:04]} Kh7 {[%clk 0:03:37]} 28. Bc2+ {[%clk 0:01:05]} g6
{[%clk 0:03:30]} 29. Qd7 {[%clk 0:00:27]} Qe5+ {[%clk 0:03:23]} 30. Kg1
{[%clk 0:00:21]} Rf6 {[%clk 0:03:10]} 31. Nxc3 {[%clk 0:00:11]} Bxc3
{[%clk 0:03:05]} 32. bxc3 {[%clk 0:00:12]} Qe1+ {[%clk 0:03:04]} 33. Kh2
{[%clk 0:00:14]} Qxf2 {[%clk 0:02:57]} 34. Bb3 {[%clk 0:00:15]} Qf4+
{[%clk 0:02:49]} 35. Kh1 {[%clk 0:00:13]} c4 {[%clk 0:02:36]} 36. Ba4
{[%clk 0:00:13]} Qc1+ {[%clk 0:02:31]} 37. Kh2 {[%clk 0:00:14]} Rf1
{[%clk 0:02:28]} 38. Qxa7 {[%clk 0:00:06]} Qf4+ {[%clk 0:02:26]} 39. g3
{[%clk 0:00:07]} Qd2+ {[%clk 0:02:23]} 40. Qf2 {[%clk 0:00:06]} Qxf2#
{[%clk 0:02:20]} 0-1

[Event "msr26ss"]
[Site "?"]
[Date "2026.03.26"]
[Round "2.20"]
[White "Ondrejcak, Gregor"]
[Black "Kasperova, Michaela"]
[Result "1-0"]
[BlackElo "1000"]
[WhiteElo "1711"]
[LiveChessVersion "1.4.8"]

1. e4 {[%clk 0:10:03]} a5 {[%clk 0:10:02]} 2. Nf3 {[%clk 0:10:03]} Na6
{[%clk 0:09:59]} 3. d4 {[%clk 0:10:03]} g6 {[%clk 0:09:55]} 4. Bc4
{[%clk 0:09:57]} Nb4 {[%clk 0:09:40]} 5. a3 {[%clk 0:09:51]} Nc6 {[%clk 0:09:31]}
6. O-O {[%clk 0:09:49]} Nf6 {[%clk 0:09:27]} 7. Nc3 {[%clk 0:09:46]} e6
{[%clk 0:09:24]} 8. Bg5 {[%clk 0:09:44]} Bg7 {[%clk 0:09:17]} 9. e5
{[%clk 0:09:38]} h6 {[%clk 0:08:57]} 10. exf6 {[%clk 0:09:32]} hxg5
{[%clk 0:08:52]} 11. fxg7 {[%clk 0:09:32]} f6 {[%clk 0:08:26]} 12. gxh8=Q+
{[%clk 0:09:25]} Ke7 {[%clk 0:08:18]} 13. Qxd8+ {[%clk 0:09:19]} Kxd8
{[%clk 0:08:17]} 14. Qd3 {[%clk 0:09:20]} d5 {[%clk 0:07:50]} 15. Bb5
{[%clk 0:09:17]} Ne7 {[%clk 0:07:43]} 16. Rfe1 {[%clk 0:09:10]} g4
{[%clk 0:07:27]} 17. Nh4 {[%clk 0:09:10]} g5 {[%clk 0:07:15]} 18. Ng6
{[%clk 0:09:09]} Ng8 {[%clk 0:07:05]} 19. Nxd5 {[%clk 0:09:02]} exd5
{[%clk 0:06:41]} 20. Re8# {[%clk 0:08:55]} 1-0

[Event "msr26ss"]
[Site "?"]
[Date "2026.03.26"]
[Round "2.21"]
[White "Gay, Lukas"]
[Black "Otahal, Kristian"]
[Result "1-0"]
[BlackElo "1673"]
[WhiteElo "2064"]
[LiveChessVersion "1.4.8"]

1. e4 {[%clk 0:10:03]} e5 {[%clk 0:10:03]} 2. Nf3 {[%clk 0:10:04]} Nc6
{[%clk 0:10:04]} 3. Nc3 {[%clk 0:10:05]} Nf6 {[%clk 0:10:03]} 4. Bb5
{[%clk 0:10:06]} d6 {[%clk 0:09:45]} 5. d4 {[%clk 0:10:06]} a6 {[%clk 0:09:14]}
6. Bxc6+ {[%clk 0:10:06]} bxc6 {[%clk 0:09:14]} 7. dxe5 {[%clk 0:10:07]} dxe5
{[%clk 0:09:13]} 8. Qxd8+ {[%clk 0:10:08]} Kxd8 {[%clk 0:09:13]} 9. Nxe5
{[%clk 0:10:08]} Be6 {[%clk 0:08:23]} 10. Nxc6+ {[%clk 0:10:06]} Ke8
{[%clk 0:08:18]} 11. Be3 {[%clk 0:10:03]} Bb4 {[%clk 0:08:14]} 12. f3
{[%clk 0:10:04]} Bxc3+ {[%clk 0:08:13]} 13. bxc3 {[%clk 0:10:04]} Kd7
{[%clk 0:07:32]} 14. Nd4 {[%clk 0:10:05]} Rhd8 {[%clk 0:07:24]} 15. Nxe6
{[%clk 0:10:05]} Kxe6 {[%clk 0:07:18]} 16. Ke2 {[%clk 0:10:07]} Rab8 17. Rab1
{[%clk 0:10:07]} Nd7 {[%clk 0:06:59]} 18. Rhd1 {[%clk 0:10:00]} Rxb1
{[%clk 0:06:20]} 19. Rxb1 {[%clk 0:10:01]} Nb6 {[%clk 0:06:11]} 20. Bxb6
{[%clk 0:10:01]} cxb6 {[%clk 0:06:11]} 21. Rxb6+ {[%clk 0:10:01]} Rd6
{[%clk 0:06:10]} 22. Rxd6+ {[%clk 0:10:02]} Kxd6 {[%clk 0:06:10]} 23. Kd3
{[%clk 0:10:03]} Kc5 {[%clk 0:06:08]} 24. c4 {[%clk 0:10:04]} a5 {[%clk 0:06:09]}
25. a3 {[%clk 0:10:05]} f6 {[%clk 0:06:05]} 26. f4 {[%clk 0:10:06]} h5
{[%clk 0:06:04]} 27. f5 {[%clk 0:10:07]} h4 {[%clk 0:05:58]} 28. h3
{[%clk 0:10:08]} a4 {[%clk 0:05:48]} 29. Kc3 {[%clk 0:10:09]} Kd6
{[%clk 0:05:41]} 30. Kd4 {[%clk 0:10:10]} Kc6 {[%clk 0:05:41]} 31. c5
{[%clk 0:10:11]} Kd7 {[%clk 0:05:30]} 32. Kd5 {[%clk 0:10:13]} Ke7
{[%clk 0:05:32]} 33. Kc6 {[%clk 0:10:13]} Kd8 {[%clk 0:05:24]} 34. Kb7
{[%clk 0:10:14]} 1-0